World constitutions: Government and politics of Mangolia, Belgium, Malaysia, Italy, Cuba, Chile, Peru and Columbia. (Record no. 58857)

MARC details
000 -LEADER
fixed length control field 00375nam a2200121Ia 4500
008 - FIXED-LENGTH DATA ELEMENTS--GENERAL INFORMATION
fixed length control field 230917s9999||||xx |||||||||||||| ||und||
040 ## - CATALOGING SOURCE
-- 80304
Original cataloging agency VIVEKANANDA LIBRARY
041 ## - Language
-- English
082 ## - DDC NUMBER
Classification number 342 W893W
245 #0 - TITLE STATEMENT
Title World constitutions: Government and politics of Mangolia, Belgium, Malaysia, Italy, Cuba, Chile, Peru and Columbia.
260 ## - PUBLICATION, DISTRIBUTION, ETC. (IMPRINT)
Place of publication, distribution, etc Delhi
Name of publisher, distributor, etc Research
Date of publication, distribution, etc n.d.
942 ## - ADDED ENTRY ELEMENTS (KOHA)
Koha item type Books
Holdings
Withdrawn status Lost status Damaged status Not for loan Location (home branch) Sublocation or collection (holding branch) Date acquired Koha issues (times borrowed) Koha full call number Accession No. Koha date last seen Koha item type
        VIVEKANANDA LIBRARY VIVEKANANDA LIBRARY 11/03/2003   342 W893W 129546 17/09/2023 Books
© Designed and Maintained by Vivekananda Library, MDU Rohtak